ऊब आणि गारठा (Record no. 289388)

MARC details
000 -LEADER
fixed length control field 00562nam a2200169Ia 4500
008 - FIXED-LENGTH DATA ELEMENTS--GENERAL INFORMATION
fixed length control field 090711s9999 xx 000 0 und d
082 ## - DEWEY DECIMAL CLASSIFICATION NUMBER
Item number 7494
100 ## - MAIN ENTRY--PERSONAL NAME
Personal name पुर्नवसु शशिकांत
245 ## - TITLE STATEMENT
Title ऊब आणि गारठा
260 ## - PUBLICATION, DISTRIBUTION, ETC. (IMPRINT)
Name of publisher, distributor, etc मौज प्रकाशन
Date of publication, distribution, etc 1957
300 ## - PHYSICAL DESCRIPTION
Extent 159
600 ## - SUBJECT ADDED ENTRY--PERSONAL NAME
Personal name पुर्नवसु शशिकांत
630 ## - SUBJECT ADDED ENTRY--UNIFORM TITLE
Uniform title ऊब आणि गारठा
700 ## - ADDED ENTRY--PERSONAL NAME
Personal name पुर्नवसु शशिकांत
730 ## - ADDED ENTRY--UNIFORM TITLE
Uniform title ऊब आणि गारठा
942 ## - ADDED ENTRY ELEMENTS (KOHA)
Koha item type Book
Holdings
Withdrawn status Lost status Damaged status Not for loan Home library Current library Date acquired Cost, normal purchase price Total Checkouts Full call number Barcode Date last seen Cost, replacement price Price effective from Koha item type
        Dadar Sarvajanik Vachanalaya, Dardar Dadar Sarvajanik Vachanalaya, Dardar 07/11/2009 4.00   7494 DASAVA-7494 07/11/2009 4.00 07/11/2009 Book